000 00916cam a2200133 4500500
005 20251214002413.0
041 _afre
042 _adc
100 1 0 _aFize, Michel
_eauthor
245 0 0 _aLes nouvelles adolescentes
260 _bArmand Colin,
_c2010.
520 _aÀ quoi rêvent les jeunes filles d’aujourd’hui ? Sont-elles plus féminines que leurs aînées ? Leur sexualité a-t-elle changé ? Existe-t-il une vraie complicité entre filles et mères ? Certaines adolescentes sont-elles gagnées par la violence ?… À travers 25 questions décisives, le sociologue Michel Fize, propose une réflexion sur ces nouvelles adolescentes qui cherchent tant bien que mal à conjuguer libération et conformisme, indépendance et séduction, ultra-féminité et égalité des sexes.
856 4 1 _uhttps://shs.cairn.info/les-nouvelles-adolescentes--9782200242831?lang=fr&redirect-ssocas=7080
999 _c1566874
_d1566874